| 000 | 01187cam a2200277 i 4500 | ||
|---|---|---|---|
| 003 | SA-RiAUC | ||
| 005 | 20250325132941.0 | ||
| 008 | 250314s1970 sy g 000 0 ara c | ||
| 040 |
_aJO-AmJU _bara _cSA-RiAUC _erda |
||
| 082 | 0 | 4 | _a253.9006 |
| 090 |
_a253.9006 _b ز ح ي |
||
| 100 | 1 |
_aالزحيلي، وهبة مصطفى، _d1932-2015 _eمؤلف. |
|
| 245 | 1 | 0 |
_aنظرية الضمان أو أحكام المسئولية المدنية والجنائية في الفقه الإسلامي : _bدراسة مقارنة / _cوهبة الزحيلي. |
| 246 | 3 | 0 | _aأحكام المسئولية المدنية والجنائية في الفقه الإسلامي |
| 264 | 1 |
_aدمشق : _bدار الفكر، _c1970 |
|
| 300 |
_a366 صفحة؛ _c24 سم |
||
| 336 |
_aنص _btxt _2rdacontent _3كتاب |
||
| 337 |
_aبدون وسيط _bn _2rdamedia |
||
| 338 |
_aمجلد _bnc _2rdacarrier |
||
| 650 | 7 |
_aالضمانات _2aucsh |
|
| 650 | 7 |
_aالمعاملات (فقه إسلامي) _2aucsh |
|
| 650 | 7 |
_aالالتزامات (فقه إسلامي) _2aucsh |
|
| 650 | 7 |
_aالفقه الإسلامي _2aucsh |
|
| 942 |
_2ddc _cBOOK _n0 |
||
| 949 |
_aSA-JeALM _d250314 _umohamedma123 _n1 |
||
| 999 |
_c6632 _d6632 |
||